| 000 | 00693nam a2200193 a 4500 | ||
|---|---|---|---|
| 001 | 000042680 | ||
| 005 | 20201002040325.0 | ||
| 008 | 140206s1998 sp a 000 0 spa d | ||
| 020 | _a8440680376 | ||
| 040 |
_aDO-SdBNP _bspa _cBNPHU |
||
| 100 | 1 |
_aDarrymple, William _969977 |
|
| 240 | 1 | 0 | _aIn Xanadu. A quest |
| 245 | 1 | 0 |
_aTras los pasos de Marco Polo : _ba través de Asia, en busca del palacio de Kublai Kan / _cWilliam Dalrymple; traducción, María Faidella Martí. |
| 260 |
_aBarcelona, : _bEdiciones B, _c1998. |
||
| 300 |
_a343 p. ; _c19 cm. |
||
| 490 | 1 | _aBiblioteca Grandes Viajeros | |
| 700 | 1 |
_aFaidella Martí, María _etrad. _969978 |
|
| 830 | 0 |
_aBiblioteca Grandes Viajeros _969748 |
|
| 999 |
_c42169 _d42169 |
||